00742nam a2200181 a 4500003000200000005001700002008004100019050003400060100002500094245014200119260007500261300004000336504004100376650002600417650004100443650003800484650003800522020250320142113.0060802s19uu xx 00 eng d aPGS BF 723.S3.C75b.T629 2006 aTobias, Frederick N. aEffects of criticism on the personality of the grade six students of Southville International School and Colleges /cFrederick N. Tobias. aLas Pinas City :bSouthville International School and Colleges,c2006. a29 pages :billustrations ;c28 cm. aIncludes bibliographical references. aChildrenvPsychology. aPersonality development in children. aCriticismvPsychological aspects. aSchool childrenvSelf-perception.